[Event "South America-ch 1st"]
[Site "Lima"]
[Date "2023.09.22"]
[Round "9.26"]
[White "Reyes Zavaleta, Sergio Gabriel"]
[Black "Zuniga Terrazas, Jorge"]
[Result "1/2-1/2"]
[WhiteElo "1350"]
[BlackElo "1919"]
[PlyCount "35"]
[EventDate "2023.09.14"]
[EventType "swiss"]
[EventRounds "9"]
[EventCountry "PER"]
[SourceTitle "EXT 2024"]
[Source "ChessBase"]
[SourceDate "2023.10.10"]
[SourceVersion "1"]
[SourceVersionDate "2023.10.10"]
[SourceQuality "1"]

1. d4 d5 2. Nf3 c6 3. Bf4 Nf6 4. e3 e6 5. c4 dxc4 6. Bxc4 Bd6 7. Bxd6 Qxd6 8. Nc3 b5 9. Bb3 b4 10. Na4 Nbd7 11. Rc1 Ba6 12. Qc2 Rc8 13. Nc5 Bb5 14. a4 bxa3 15. bxa3 Nxc5 16. dxc5 Qe7 17. a4 Ba6 18. Bc4 1/2-1/2

[Event "South America-ch Rapid 1st"]
[Site "Lima"]
[Date "2023.09.16"]
[Round "2"]
[White "Fernandez, Fernando"]
[Black "Zuniga Terrazas, Jorge"]
[Result "1-0"]
[WhiteElo "2418"]
[BlackElo "1919"]
[PlyCount "77"]
[EventDate "2023.09.16"]
[EventType "swiss (rapid)"]
[EventRounds "9"]
[EventCountry "PER"]
[SourceTitle "EXT 2024"]
[Source "ChessBase"]
[SourceDate "2023.10.10"]
[SourceVersion "1"]
[SourceVersionDate "2023.10.10"]
[SourceQuality "1"]

1. e4 e5 2. Nf3 Nf6 3. Nc3 Nc6 4. Be2 Bb4 5. Nd5 Ba5 6. 0-0 d6 7. c3 0-0 8. b4 Bb6 9. a4 a6 10. Nxb6 cxb6 11. d3 h6 12. Ra3 Bd7 13. b5 Ne7 14. c4 a5 15. Ne1 Ng6 16. g3 Bh3 17. Ng2 Bxg2 18. Kxg2 Nd7 19. Bg4 Nc5 20. Be3 Qc7 21. Ra2 Rad8 22. Kh1 Ne7 23. f4 f5 24. exf5 Nxf5 25. Bg1 g6 26. Re2 Ng7 27. d4 exd4 28. Bxd4 d5 29. Be5 Qf7 30. Rd2 Ne4 31. Rxd5 Rxd5 32. cxd5 Nc5 33. d6 Kh7 34. Bf3 Qc4 35. Bd5 Qb4 36. Bxg7 Kxg7 37. Re1 Qc3 38. Qe2 Kh8 39. Qe5+ 1-0

[Event "CHI-chT Universities"]
[Site "Valparaiso"]
[Date "2007.11.10"]
[Round "4"]
[White "Zuniga Terrazas, Jorge"]
[Black "Diaz Fuenzalida, Juan"]
[Result "1/2-1/2"]
[WhiteElo "1990"]
[BlackElo "2151"]
[PlyCount "95"]
[EventDate "2007.11.08"]
[EventType "team"]
[EventRounds "7"]
[EventCountry "CHI"]
[SourceTitle "EXT 2012"]
[Source "ChessBase"]
[SourceDate "2011.11.24"]
[SourceVersion "1"]
[SourceVersionDate "2011.11.24"]
[SourceQuality "1"]
[WhiteTeam "Universidad Arturo Prat"]
[BlackTeam "Universidad de Chile"]
[WhiteTeamCountry "CHI"]
[BlackTeamCountry "CHI"]

1. e4 c5 2. Nf3 d6 3. d4 cxd4 4. Nxd4 Nf6 5. Nc3 a6 6. Be3 e5 7. Nb3 Be6 8. f3 Nbd7 9. Qd2 Be7 10. g4 h6 11. 0-0-0 b5 12. Nd5 Bxd5 13. exd5 Nb6 14. Bxb6 Qxb6 15. Kb1 0-0 16. h4 a5 17. g5 Nh5 18. Bd3 a4 19. Nc1 b4 20. Be4 b3 21. cxb3 axb3 22. a3 f5 23. gxf6 Rxf6 24. Rhg1 Nf4 25. Qh2 Rc8 26. Qg3 Bf8 27. Qg4 Rc4 28. Qd7 Qf2 29. Qb5 Rd4 30. Qxb3 Rxd1 31. Qxd1 Qxh4 32. Nd3 Rf7 33. Nxf4 exf4 34. Qa4 Qf2 35. Rc1 Rb7 36. Rc2 Qg1+ 37. Ka2 Rb8 38. Qd7 Qg5 39. Qe6+ Kh8 40. Rh2 Be7 41. Qf7 Bf6 42. Bg6 Bd4 43. Re2 Be3 44. Rh2 Bc1 45. Re2 Be3 46. Rh2 Bd4 47. Re2 Be5 48. Rh2 1/2-1/2